Les droits et devoirs des fonctionnaires - Statistiques

Statistiques générales
  • Ce quiz a été pris 88 fois
  • Le résultat moyen est 3 sur 20
Statistiques - réponses
Droit / Devoir Libellé % Correct
Droit De grève
76%
Devoir De neutralité
54%
Droit A congés
49%
Droit A rémunération
39%
Droit Syndical
30%
Droit A la protection
27%
Devoir De secret professionnel
20%
Devoir D'obéïssance hiérarchique
17%
Droit Liberté d'opinion
14%
Droit A la formation continue
6%
Droit A l'hygiène et à la sécurité
3%
Droit D'accès au dossier
3%
Devoir D'information au public
3%
Droit Cessation de fonction
1%
Droit D'accès à l'appréciation
1%
Devoir D'effectuer les tâches confiées et d'assurer son service
1%
Droit De participer aux décisions les concernant
1%
Devoir De réserve et de discrétion
1%
Droit Au régime disciplinaire
0%
Devoir De signalement
0%
Aucun quiz correspondant
Distribution des résultats
% des personnes avec chaque résultat
Percentile par nombre de réponses
Votre historique - résultats
Vous n’avez pas pris ce quiz